ARRUPE JESUIT UNIVERSITY

CORONAVIRUS -STOP THE SPREAD - CLEAN,DISINFECT,COVER

Philosophy of law / (Record no. 119631)

MARC details
000 -LEADER
fixed length control field 02067cam a22004334a 4500
001 - CONTROL NUMBER
control field 14163562
003 - CONTROL NUMBER IDENTIFIER
control field ARRUPE
005 - DATE AND TIME OF LATEST TRANSACTION
control field 20140122103349.0
008 - FIXED-LENGTH DATA ELEMENTS--GENERAL INFORMATION
fixed length control field 051101s2007 maua b 001 0 eng
010 ## - LIBRARY OF CONGRESS CONTROL NUMBER
LC control number 2005031980
020 ## - INTERNATIONAL STANDARD BOOK NUMBER
International Standard Book Number 9781405129466 (hbk. : alk. paper)
020 ## - INTERNATIONAL STANDARD BOOK NUMBER
International Standard Book Number 1405129468 (hbk. : alk. paper)
020 ## - INTERNATIONAL STANDARD BOOK NUMBER
International Standard Book Number 9781405129602 (pbk. : alk. paper)
020 ## - INTERNATIONAL STANDARD BOOK NUMBER
International Standard Book Number 1405129603 (pbk. : alk. paper)
035 ## - SYSTEM CONTROL NUMBER
System control number (OCoLC)ocm62281976
040 ## - CATALOGING SOURCE
Original cataloging agency DLC
Transcribing agency DLC
Modifying agency BAKER
-- C#P
-- YLS
-- MUQ
-- BTCTA
-- YDXCP
-- NLGGC
-- KAAUA
-- DEBBG
-- DLC
042 ## - AUTHENTICATION CODE
Authentication code pcc
050 00 - LIBRARY OF CONGRESS CALL NUMBER
Classification number K230.A367
Item number M87 2007
082 00 - DEWEY DECIMAL CLASSIFICATION NUMBER
Classification number 340/.1
Edition number 22
084 ## - OTHER CLASSIFICATION NUMBER
Classification number 86.04
Source of number bcl
084 ## - OTHER CLASSIFICATION NUMBER
Classification number CC 7600
Source of number rvk
300 ## - PHYSICAL DESCRIPTION
Other physical details ill. ;
Dimensions 24 cm.
100 1# - MAIN ENTRY--PERSONAL NAME
Personal name Murphy, Mark C.
9 (RLIN) 6871
245 10 - TITLE STATEMENT
Title Philosophy of law /
Statement of responsibility, etc Mark C. Murphy.
246 1# - VARYING FORM OF TITLE
Title proper/short title Philosophy of law : the fundamentals
260 ## - PUBLICATION, DISTRIBUTION, ETC. (IMPRINT)
Place of publication, distribution, etc Malden, MA :
Name of publisher, distributor, etc Blackwell Pub.,
Date of publication, distribution, etc 2007.
300 ## - PHYSICAL DESCRIPTION
Extent xii, 214 p. :
490 1# - SERIES STATEMENT
Series statement Fundamentals of philosophy ;
Volume number/sequential designation 2
504 ## - BIBLIOGRAPHY, ETC. NOTE
Bibliography, etc Includes bibliographical references and index.
505 0# - FORMATTED CONTENTS NOTE
Formatted contents note Analytical fundamentals : the concept of law -- Normative fundamentals : the basic roles of paradigmatic legal systems -- The aims of law -- The nature and aims of the criminal law -- The nature and aims of tort law -- Challenging the law.
650 #0 - SUBJECT ADDED ENTRY--TOPICAL TERM
Topical term or geographic name as entry element Law.
9 (RLIN) 6872
830 #0 - SERIES ADDED ENTRY--UNIFORM TITLE
Uniform title Fundamentals of philosophy (Blackwell Publishing Ltd.) ;
Volume number/sequential designation 2.
9 (RLIN) 6873
856 41 - ELECTRONIC LOCATION AND ACCESS
Materials specified Table of contents
Uniform Resource Identifier <a href="http://www.loc.gov/catdir/toc/ecip063/2005031980.html">http://www.loc.gov/catdir/toc/ecip063/2005031980.html</a>
856 42 - ELECTRONIC LOCATION AND ACCESS
Materials specified Contributor biographical information
Uniform Resource Identifier <a href="http://www.loc.gov/catdir/enhancements/fy0802/2005031980-b.html">http://www.loc.gov/catdir/enhancements/fy0802/2005031980-b.html</a>
856 42 - ELECTRONIC LOCATION AND ACCESS
Materials specified Publisher description
Uniform Resource Identifier <a href="http://www.loc.gov/catdir/enhancements/fy0802/2005031980-d.html">http://www.loc.gov/catdir/enhancements/fy0802/2005031980-d.html</a>
856 ## - ELECTRONIC LOCATION AND ACCESS
Uniform Resource Identifier <a href="http://bvbm2.bib-bvb.de:8993/F?func=service&doc_library=BVB01&doc_number=014900425&line_number=0001&func_code=DB_RECORDS&service_type=MEDIA">http://bvbm2.bib-bvb.de:8993/F?func=service&doc_library=BVB01&doc_number=014900425&line_number=0001&func_code=DB_RECORDS&service_type=MEDIA</a>
Public note Inhaltsverzeichnis
906 ## - LOCAL DATA ELEMENT F, LDF (RLIN)
a 7
b cbc
c orignew
d 1
e ecip
f 20
g y-gencatlg
942 ## - ADDED ENTRY ELEMENTS (KOHA)
Source of classification or shelving scheme Library of Congress Classification
Koha item type Monograph ( Printed materials)
Holdings
Withdrawn status Lost status Source of classification or shelving scheme Damaged status Not for loan Home library Current library Date acquired Total Checkouts Full call number Barcode Checked out Date last seen Date checked out Price effective from Koha item type
    Library of Congress Classification     ARRUPE LIBRARY ARRUPE LIBRARY 22/01/2014 12 K230.A3 M87 2007 464122809 21/10/2020 21/09/2020 21/09/2020 22/01/2014 Monograph ( Printed materials)

 

Arrupe Library. PO Box MP320 Mt Pleasant, Harare, Zimbabwe
263 242 745411|librarian@aju.ac.zw